书目信息 |
| 题名: |
走向最后的海洋
|
|
| 作者: | 扬, 著 ;陈弘法 译 | |
| 分册: | 下 | |
| 出版信息: | 北京 外文出版社 2010.03 |
|
| 页数: | 188页 | |
| 开本: | 24cm | |
| 丛书名: | ||
| 单 册: | ||
| 中图分类: | I512.45 | |
| 科图分类: | ||
| 主题词: | 长篇历史小说--Chang Pian Li Shi Xiao Shuo--苏联--现代 | |
| 电子资源: | ||
| ISBN: | 978-7-119-03717-2 | |
| 000 | 00985nam 2200301 450 | |
| 001 | CAL 012006027547 | |
| 005 | 20111230095404.75 | |
| 010 | @a978-7-119-03717-2@dCNY24.00 | |
| 092 | @aCN@b华现06-05-059 | |
| 099 | @aCAL 012006027547@aCAL 012010100116@aCAL 012010076244@aCAL 012011386276 | |
| 100 | @a19980227d2010 ekmy0chiy0121 ea | |
| 101 | 1 | @achi@crus |
| 102 | @aCN@b110000 | |
| 105 | @ay z 000ay | |
| 200 | 1 | @a走向最后的海洋@Azou xiang zui hou de hai yang@h下@f(苏) 瓦西里·扬著@g陈弘法译 |
| 210 | @a北京@c外文出版社@d2010.03 | |
| 215 | @a188页@d24cm | |
| 225 | 2 | @AHan Xue Ma Wen Ku |
| 225 | 2 | @a蒙古人三部曲@AMeng Gu Ren San Bu Qu |
| 410 | 0 | @12001 @AHan Xue Ma Wen Ku |
| 410 | 0 | @12001 @a蒙古人三部曲 |
| 606 | 0 | @a长篇历史小说@AChang Pian Li Shi Xiao Shuo@y苏联@z现代 |
| 690 | @aI512.45@v4 | |
| 701 | 1 | @a扬,@AYang@b瓦西里@4著 |
| 702 | 0 | @a陈弘法@AChen Hong Fa@4译 |
| 801 | 0 | @aCN@bNUL@c20111230 |
| 905 | @aZUCC@dI512.45@eY1263:2@f3 | |
| 998 | @aNUL | |
| 走向最后的海洋.下/(苏) 瓦西里·扬著/陈弘法译.-北京:外文出版社,2010.03 |
| 188页;24cm.-(蒙古人三部曲) |
| ISBN 978-7-119-03717-2:CNY24.00 |
| ● |
| 相关链接 |
|
|
|
正题名:走向最后的海洋
索取号:I512.45/Y1263:2
 
预约/预借
| 序号 | 登录号 | 条形码 | 馆藏地/架位号 | 状态 | 备注 |
| 1 | 1189166 | 211891666 | 社科二线422/422社科库 28排4列2层/ [索取号:I512.45/Y1263:2] | 在馆 | |
| 2 | 1189167 | 211891675 | 社科二线422/422社科库 28排4列2层/ [索取号:I512.45/Y1263:2] | 在馆 | |
| 3 | 1189168 | 211891684 | 社科二线422/116文学库 17排2列4层/ [索取号:I512.45/Y1263:2] | 在馆 |